<?xml version="1.0" encoding="UTF-8"?>
<collection xmlns="http://www.loc.gov/MARC21/slim">
 <record>
  <leader>00501pamaa2200157   4500</leader>
  <controlfield tag="001">0000017686</controlfield>
  <controlfield tag="005">20100430090000.0</controlfield>
  <datafield tag="020" ind1="0" ind2="0">
   <subfield code="a">081915752X </subfield>
  </datafield>
  <datafield tag="082" ind1=" " ind2=" ">
   <subfield code="a">341.2373 BEH</subfield>
  </datafield>
  <datafield tag="090" ind1="0" ind2="0">
   <subfield code="a">JZ4997.5.U6 </subfield>
   <subfield code="b">BEH 1987</subfield>
  </datafield>
  <datafield tag="100" ind1="1" ind2="0">
   <subfield code="a">BEHRSTOCK </subfield>
  </datafield>
  <datafield tag="245" ind1="1" ind2="4">
   <subfield code="a">The eighth case : </subfield>
   <subfield code="b">troubled times at the United Nations  </subfield>
   <subfield code="c">Julian Behrstock.</subfield>
  </datafield>
  <datafield tag="260" ind1="0" ind2="0">
   <subfield code="a">Lanham: </subfield>
   <subfield code="b">University Press of America, </subfield>
   <subfield code="c">1987.</subfield>
  </datafield>
  <datafield tag="300" ind1=" " ind2=" ">
   <subfield code="a">201p.: </subfield>
   <subfield code="b">23cm.</subfield>
  </datafield>
  <datafield tag="650" ind1="0" ind2="0">
   <subfield code="a">United Nations -- </subfield>
   <subfield code="z">United States </subfield>
  </datafield>
  <datafield tag="650" ind1="0" ind2="0">
   <subfield code="a">United Nations -- </subfield>
   <subfield code="x">Officials and employees </subfield>
  </datafield>
 </record>
</collection>
